LEADER 01907nam1-2200445---450- 001 990005602420203316 005 20040426 035 $a000560242 035 $aUSA01000560242 035 $a(ALEPH)000560242USA01 035 $a000560242 100 $a19981214g19811990|||y0itaa50------ba 101 $amul 102 $anl 105 $aa 00||| 200 1 $aContemporary philosophy$ea new survey$d=<> philosophie contemporaine : chroniques nouvelles.$fedited by Guttorm Floiøistad = La philosophie contemporaine$echroniques nouvelles$fpar les soins de Guttorm Floiøistad 205 $aDordrecht : Kluwer$b1981-1990 210 $a6 v.$a25 cm 215 $aNell'occhietto: International Institute of Philosophy = Institut International de Philosophie 463 \1$1001990005602430203316$12001 $a<> Philosophy and science in the Middle Ages 463 \1$1001990005603830203316$12001 $a<> Philosophy of language 463 \1$1001990005603840203316$12001 $a<> Philosophy of science = Philosophie des sciences 463 \1$1001990005603850203316$12001 $a<> Philosophy of action = Philosophie de l'action 463 \1$1001990005603860203316$12001 $a<> Philosophy of mind = Philosophie de l'esprit 463 \1$1001990005603870203316$12001 $a<> African philosophy = Philosophie africaine 510 1 $a<> philosophie contemporaine$echroniques nouvelles$3SA0006987 606 $aFilosofia$xBibliografie$2F 606 $aFilosofia$x1968-1990$2F 620 $dDORDRECHT 676 $a190.904 702 1$aFLOISTAD,$bGuttorm 712 02$aInstitut international de philosophie 801 0$aIT$bSA$c20111219 912 $a990005602420203316 959 $aBK 969 $aFIL 979 $c20121027$lUSA01$h1525 979 $aPATRY$b90$c20130305$lUSA01$h1613 996 $aCONTEMPORARY Philosophy$9476263 997 $aUNISA LEADER 01010cam0-22003491i-450- 001 990004223510403321 005 20060308102147.0 010 $a0-335-15250-3 035 $a000422351 035 $aFED01000422351 035 $a(Aleph)000422351FED01 035 $a000422351 100 $a19990604d1987----km-y0itay50------ba 101 0 $aeng 102 $aUS 105 $ay-------001yy 200 1 $aLiterary theory and English teaching$fPeter Griffith 210 $aMilton Keynes$cOpen University press$d1987 215 $aXV, 104 p.$d23 cm 225 1 $aEnglish, language, and education series 610 0 $aLetteratura inglese$aStoria e insegnamento 676 $a807 700 1$aGriffith,$bPeter$0166400 801 0$aIT$bUNINA$gRICA$2UNIMARC 901 $aBK 912 $a990004223510403321 952 $aP.3 BR.C.728$bBibl.34967$fFLFBC 952 $a807 GRI$bLINGUE 581$fDECLI 959 $aFLFBC 959 $aDECLI 996 $aLiterary theory and english teaching$9178927 997 $aUNINA LEADER 05968nam 2200817 450 001 9910814897403321 005 20200903223051.0 010 $a3-11-039590-8 010 $a3-11-031184-4 024 7 $a10.1515/9783110311846 035 $a(CKB)3360000000515003 035 $a(EBL)1130374 035 $a(SSID)ssj0001421011 035 $a(PQKBManifestationID)11764639 035 $a(PQKBTitleCode)TC0001421011 035 $a(PQKBWorkID)11408373 035 $a(PQKB)11688681 035 $a(MiAaPQ)EBC1130374 035 $a(DE-B1597)207860 035 $a(OCoLC)913089237 035 $a(OCoLC)922639411 035 $a(DE-B1597)9783110311846 035 $a(Au-PeEL)EBL1130374 035 $a(CaPaEBR)ebr11010329 035 $a(CaONFJC)MIL807568 035 $a(OCoLC)898769538 035 $a(EXLCZ)993360000000515003 100 $a20150203h20142014 uy 0 101 0 $ager 135 $aur|n|---||||| 181 $ctxt 182 $cc 183 $acr 200 00$aDiachrone zuga?nglichkeit als prozess $ekulturelle U?berlieferung in systematischer Sicht /$fherausgegeben von Michael Hollmann und Andre? Schu?ller-Zwierlein 210 1$aBerlin, [Germany] :$cDe Gruyter Saur,$d2014. 210 4$d©2014 215 $a1 online resource (498 p.) 225 0 $aAge of Access? : Grundfragen der Informationsgesellschaft ;$vBand 4 300 $aDescription based upon print version of record. 311 $a3-11-055505-0 311 $a3-11-031164-X 320 $aIncludes bibliographical references at the end of each chapters. 327 $t Frontmatter -- $tAge of Access? Grundfragen der Informationsgesellschaft -- $tEinleitung / $rHollmann, Michael / Schüller-Zwierlein, André -- $tGrundlagen -- $tDiachrone Unzugänglichkeit: Versuch einer Prozesstypologie / $rSchüller-Zwierlein, André -- $tGesellschaftliche Prozesse -- $tLangzeitzugänglichkeit von Informationen unter den leitmedialen Bedingungen des Internets / $rPscheida, Daniela -- $tLeitmedium Internet - Persistenz und Flüchtigkeit / $rSchmidt, Jan-Hinrik -- $tZum Begriff ,Kulturerbe' und seiner Funktion für die diachrone Zugänglichmachung / $rRobertson-von Trotha, Caroline Y. / Schneider, Ralf H. -- $tIntergenerationelle Verantwortung und kulturelles Erbe / $rBirnbacher, Dieter -- $tVerlust-/Okklusionsprozesse -- $tKulturgut in Gefahr: Katastrophen in Archiven und Bibliotheken / $rBarteleit, Sebastian -- $tVerstreute Informationsobjekte in Nachlässen / $rAsmus, Sylvia -- $tWas wird aus der Medienkunst? Herausforderungen ihrer materiellen, technischen und öffentlichen Zugänglichkeit / $rBuschmann, Renate -- $tErhaltungsprozesse -- $tZukunftsbilder in Erhaltungsstrategien / $rHoltorf, Cornelius / Högberg, Anders -- $tNeue Wege für den bundesweiten Originalerhalt / $rHartwieg, Ursula -- $tDigitale Langzeiterhaltung / $rHänger, Andrea -- $tAuswahlprozesse -- $tÜberlieferungsbildung in Archiven / $rPilger, Andreas -- $tProblemfelder der Bestandsaussonderung in deutschen Bibliotheken / $rStumpf, Gerhard -- $tLost in tradition? Systematische und technische Aspekte der Erwerbung von Internetpublikationen in Archivbibliotheken / $rAltenhöner, Reinhard / Schrimpf, Sabine -- $tDie Verweildauerkonzepte bei Internetangeboten der öffentlich-rechtlichen Rundfunkanstalten / $rDörr, Dieter -- $tWiedergewinnungsprozesse -- $tDie Bewahrung von Kulturgütern als authentische Informationsquellen / $rJanis, Katrin -- $tDer Museumsansatz bei der digitalen Langzeitarchivierung in Theorie und Praxis / $rBorghoff, Uwe / Krebs, Nico / Rödig, Peter -- $tDie Entzifferung untergegangener Schriften Wie sich verlorene Informationen wiedergewinnen lassen / $rHajnal, Ivo -- $tDie Wiedergewinnung des Originals mit den Mitteln der Textkritik / $rRiesenweber, Thomas -- $tEpilog: Grundlagen zukünftiger Zugänglichkeit / $rHollmann, Michael / Schüller-Zwierlein, André -- $tÜber die Autorinnen und Autoren 330 $aZugänglichkeit ist nicht einfach vorhanden, sondern geht laufend verloren, muss neu geschaffen oder erhalten werden: Anders als es der statische Begriff der kulturellen Überlieferung vermuten lässt, steuern vielfältige Mechanismen die Zugänglichkeit von Information über die Zeit hinweg. Hierzu zählen gesellschaftliche Prozesse ebenso wie Verlust-, Erhaltungs-, Auswahl- und Wiedergewinnungsprozesse. Während Untersuchungen zur kulturellen Überlieferung meist in Einzeldiskursen verhaftet bleiben, erarbeitet dieser Band eine interdisziplinäre Sicht auf die Langzeitzugänglichkeit von Informationen und präsentiert Beiträge aus Informatik, Bibliotheks- und Archivwesen, Kulturwissenschaft, Philologien und Restaurierungspraxis sowie Museumswesen. Ziel ist es, enge Fachsichten aufzulösen und Erkenntnisse über eine fachübergreifende systematische Überlieferungsplanung zu gewinnen. 410 0$aAge of Access? Grundfragen der Informationsgesellschaft 606 $aLibrary materials$xConservation and restoration 606 $aArchival materials$xConservation and restoration 606 $aLibrary materials$xDigitization 606 $aArchival materials$xDigitization 606 $aMuseum conservation methods 610 $aAccessibility. 610 $aArchives. 610 $aKnowledge Society. 610 $aLibrary Science. 610 $aLong-term Archiving. 615 0$aLibrary materials$xConservation and restoration. 615 0$aArchival materials$xConservation and restoration. 615 0$aLibrary materials$xDigitization. 615 0$aArchival materials$xDigitization. 615 0$aMuseum conservation methods. 676 $a025.8/4 686 $aAN 73780$qBVB$2rvk 702 $aHollmann$b Michael 702 $aSchu?ller-Zwierlein$b Andre? 801 0$bMiAaPQ 801 1$bMiAaPQ 801 2$bMiAaPQ 906 $aBOOK 912 $a9910814897403321 996 $aDiachrone zuga?nglichkeit als prozess$93914920 997 $aUNINA